V.S. Naipaul's dilemma of diasporic existence / (Record no. 63787)

MARC details
000 -LEADER
fixed length control field 01272nam a22002537a 4500
005 - DATE AND TIME OF LATEST TRANSACTION
control field 20120305155844.0
010 ## - LCCN (DPL NO)
LC control number ENG-104872 B-492607-608
020 ## - INTERNATIONAL STANDARD BOOK NUMBER
International Standard Book Number 9789380902708
Terms of availability 625.00
035 ## - SYSTEM CONTROL NUMBER
System control number EN-88405 B-492607-608
037 ## - SOURCE OF ACQUISITION
Source of stock number/acquisition DBAD/PUB
037 ## - SOURCE OF ACQUISITION
Source of stock number/acquisition UBH/Ven
082 ## - DEWEY DECIMAL CLASSIFICATION NUMBER
Classification number 883.092
100 ## - MAIN ENTRY--PERSONAL NAME
Personal name Ashri, Sumita
245 ## - TITLE STATEMENT
Title V.S. Naipaul's dilemma of diasporic existence /
Statement of responsibility, etc by Sumita Ashri
260 ## - PUBLICATION, DISTRIBUTION, ETC. (IMPRINT)
Place of publication, distribution, etc Jaipur
Name of publisher, distributor, etc Aadi Publications
Date of publication, distribution, etc 2011
270 ## - ADDRESS
Address 18, Jain Bhawan, Opp. N.B.C. Shanti Nagar
City Jaipur
Postal code 302006
300 ## - PHYSICAL DESCRIPTION
Extent x,179p.
Dimensions 22cm(Hb)
500 ## - GENERAL NOTE
General note Includes bibliographical references
942 ## - ADDED ENTRY ELEMENTS (KOHA)
Source of classification or shelving scheme Dewey Decimal Classification
Item type English Books
Classification part 883.092
Call number suffix ASH
Holdings
Withdrawn status Lost status Not for loan Collection code Home library Current library Date acquired Source of acquisition Cost, normal purchase price Full call number Barcode Copy number Cost, replacement price Koha item type
    Not For Loan Non-fiction D.B.Act.Division D.B.Act.Division 05/03/2012 DBAD/PUB 625.00 883.092 ASH EN-88405 1 625.00 English Books
      Non-fiction Janak Puri Janak Puri 27/02/2013 UBH/214/18.01.2013/129/18.12.2012/29.01.2013 625.00 883.092 ASH B-492608 1 625.00 English Books
      Non-fiction Patel Nagar Patel Nagar 27/02/2013 UBH/214/18.01.2013/129/18.12.2012/29.01.2013 625.00 883.092 ASH B-492607 1 625.00 English Books

© Delhi Public Library
Hit Counter
free hit counter